000 00391nam a22001697a 4500
003 SGT
020 _a9789390619757
082 _a616.01
_bM23D
100 _aDHIR, ANJU
245 _aTB. OF MICROBIOLOGYFOR PHYSIOTHERAPY
250 _a1ST
260 _aINDIA
_bCBS PUB
_c2023
300 _a394
650 _aMICROBIOLOGY
653 _a MICROBIOLOGYFOR PHYSIOTHERAPY
942 _2ddc
_cBK
999 _c30924
_d30924